Материалы научно-практической конференции "Ленинский принцип сочетания моральных и материальных стимулов к труду и его творческое использование в условиях новой экономической реформы" (Запись № 7753693)

Подробности
000 -МАРКЕР
контрольное поле 01966nam0a22002891 4500
001 - ИДЕНТИФИКАТОР ЗАПИСИ
контрольное поле rc\3371963
005 - ИДЕНТИФИКАТОР ВЕРСИИ
контрольное поле 20250609222530.0
021 ## - НОМЕР ГОСУДАРСТВЕННОЙ РЕГИСТРАЦИИ
Код страны Российская Федерация
Номер [70-11079]
035 ## - ДРУГИЕ СИСТЕМНЫЕ НОМЕРА
Идентификатор записи (NLR Aleph) 007530532
100 ## - ДАННЫЕ ОБЩЕЙ ОБРАБОТКИ
Данные общей обработки 20130115d1969 |||y0rusy50 ca
101 0# - ЯЗЫК РЕСУРСА
Язык текста, звукозаписи и т.д. русский
102 ## - СТРАНА ПУБЛИКАЦИИ ИЛИ ПРОИЗВОДСТВА
Страна публикации Российская Федерация
105 ## - ПОЛЕ КОДИРОВАННЫХ ДАННЫХ: ТЕКСТОВЫЕ МАТЕРИАЛЫ, МОНОГРАФИЧЕСКИЕ
Кодированные данные о монографическом текстовом документе y d |||||
200 1# - ЗАГЛАВИЕ И СВЕДЕНИЯ ОБ ОТВЕТСТВЕННОСТИ
Основное заглавие Материалы научно-практической конференции "Ленинский принцип сочетания моральных и материальных стимулов к труду и его творческое использование в условиях новой экономической реформы"
Первые сведения об ответственности Ленингр. электротехн. ин-т им. В.И. Ульянова (Ленина)
210 ## - ПУБЛИКАЦИЯ, РАСПРОСТРАНЕНИЕ И ДР.
Место издания, распространения и т.д. Ленинград
Имя издателя, распространителя и т. д. Б. и.
Дата издания, распространения и т.д. 1969
215 ## - ФИЗИЧЕСКАЯ ХАРАКТЕРИСТИКА
Специфическое обозначение материала и объем 100 с.
Размеры 21
225 1# - СЕРИЯ
Основное заглавие серии Навстречу 100-летию со дня рождения В.И. Ленина
532 13 - РАСШИРЕННОЕ ЗАГЛАВИЕ
Заглавие Материалы научно-практической конференции Ленинский принцип сочетания моральных и материальных стимулов к труду и его творческое использование в условиях новой экономической реформы
606 ## - НАИМЕНОВАНИЕ ТЕМЫ КАК ПРЕДМЕТ
Наименование темы Материальные и моральные стимулы к труду
Формальный подзаголовок Сборники
Код системы psbo
710 12 - НАИМЕНОВАНИЕ ОРГАНИЗАЦИИ - ПЕРВИЧНАЯ ОТВЕТСТВЕННОСТЬ
Начальный элемент ввода "Ленинский принцип сочетания моральных и материальных стимулов к труду и его творческое использование в условиях новой экономической реформы", научно-практическая конференция
Место проведения временной организации Ленинград
Дата проведения временной организации 1969
Системный номер авторитетной/нормативной записи 446729
Идентификатор авторитетной/нормативной записи RU\NLR\AUTH\880390566
801 #0 - ИСТОЧНИК ЗАПИСИ
Страна Российская Федерация
Организация NLR
Правила каталогизации psbo
801 #1 - ИСТОЧНИК ЗАПИСИ
Страна Российская Федерация
Организация ELAR
Источник данных rusmarc
852 ## - МЕСТОНАХОЖДЕНИЕ И ШИФР ХРАНЕНИЯ
Идентификатор организации NLR
Шифр хранения (Call Number) 70-4/892
942 ## - ДОПОЛНИТЕЛЬНЫЕ ЭЛЕМЕНТЫ ЗАПИСИ (АБИС)
Тип экземпляра АБИС Книга
980 ## - КОЛЛЕКЦИЯ
Название коллекции Национальная библиография
Экземпляры
Тип экземпляра Дата поступления Библиотека постоянного хранения Библиотека текущего хранения Место хранения Шифр хранения Штрих-код Статус экземпляра
Книга 26.10.2013 РНБ (Московский) РНБ (Московский) Русский книжный фонд: издания с 1957 года 70-4/892 7530532-10